<?xml version="1.0" encoding="UTF-8"?>
<record
    xmlns:xsi="http://www.w3.org/2001/XMLSchema-instance"
    xsi:schemaLocation="http://www.loc.gov/MARC21/slim http://www.loc.gov/standards/marcxml/schema/MARC21slim.xsd"
    xmlns="http://www.loc.gov/MARC21/slim">

  <leader>00570nam a22001937a 4500</leader>
  <controlfield tag="003">LK-CoMWRAF</controlfield>
  <controlfield tag="008">230831b2016    |||||||| |||| 00| 0 eng d</controlfield>
  <datafield tag="040" ind1=" " ind2=" ">
    <subfield code="a">LK-CoMWRAF</subfield>
    <subfield code="d">LK-CoMWRAF</subfield>
    <subfield code="e">LK-CoMWRAF</subfield>
  </datafield>
  <datafield tag="041" ind1=" " ind2=" ">
    <subfield code="a">eng</subfield>
  </datafield>
  <datafield tag="082" ind1=" " ind2=" ">
    <subfield code="a">305.42 </subfield>
    <subfield code="b">NAT</subfield>
  </datafield>
  <datafield tag="111" ind1=" " ind2=" ">
    <subfield code="a">FIFTEENTH NATIONAL CONVENTION ON WOMEN'S STUDIES</subfield>
    <subfield code="c">(Colombo</subfield>
    <subfield code="d">December, 2016)</subfield>
  </datafield>
  <datafield tag="245" ind1=" " ind2=" ">
    <subfield code="a">Gender based violence</subfield>
  </datafield>
  <datafield tag="260" ind1=" " ind2=" ">
    <subfield code="a"> Colombo:</subfield>
    <subfield code="b">Center for women's research,</subfield>
    <subfield code="c">2016</subfield>
  </datafield>
  <datafield tag="300" ind1=" " ind2=" ">
    <subfield code="a">61 p. ; 20 cm</subfield>
  </datafield>
  <datafield tag="490" ind1=" " ind2=" ">
    <subfield code="a">Document series</subfield>
    <subfield code="v">84</subfield>
  </datafield>
  <datafield tag="650" ind1=" " ind2=" ">
    <subfield code="a">FEMINISM</subfield>
  </datafield>
  <datafield tag="650" ind1=" " ind2=" ">
    <subfield code="a">Violence, gender based</subfield>
  </datafield>
  <datafield tag="942" ind1=" " ind2=" ">
    <subfield code="c">CP</subfield>
  </datafield>
  <datafield tag="952" ind1=" " ind2=" ">
    <subfield code="0">0</subfield>
    <subfield code="1">0</subfield>
    <subfield code="4">0</subfield>
    <subfield code="7">0</subfield>
    <subfield code="a">MAIN</subfield>
    <subfield code="b">MAIN</subfield>
    <subfield code="d">2023-08-31</subfield>
    <subfield code="l">0</subfield>
    <subfield code="o">305.42 WOM</subfield>
    <subfield code="p">RAF447</subfield>
    <subfield code="r">2023-08-31</subfield>
    <subfield code="w">2023-08-31</subfield>
    <subfield code="y">CP</subfield>
  </datafield>
  <datafield tag="999" ind1=" " ind2=" ">
    <subfield code="c">3330</subfield>
    <subfield code="d">3330</subfield>
  </datafield>
</record>
